[Event "Bundesliga B Mitte 2008/2009"]
[Site "Feffernitz"]
[Date "2008.11.30"]
[Round "4"]
[Board "1"]
[White "Kuba, Guenter"]
[Black "Skoberne, Jure"]
[Result "0-1"]
[WhiteElo "2397"]
[BlackElo "2489"]
[PlyCount "73"]
[EventDate "2008.10.11"]
[EventType "team"]
[EventRounds "11"]
[EventCountry "AUT"]
[WhiteTeam "Schachklub Sparkasse Fuerstenfeld"]
[BlackTeam "ESV Austria Graz"]

1.e4 d6 2.d4 Nf6 3.Nc3 g6 4.Be3 c6 5.Qd2 b5 6.Bd3 Qc7 7.h3 Nbd7 8.Nf3 Bb7 9.Ne2
Bg7 10.Ng3 a6 11.O-O e5 12.dxe5 dxe5 13.a4 O-O 14.c4 bxc4 15.Bxc4 c5 16.Qc2 Bc6
17.a5 Qb7 18.Rfd1 Ne8 19.Rxd7 Bxd7 20.Bxc5 Nc7 21.Bxf8 Rxf8 22.Rd1 Be6 23.Nf1
Qb4 24.Ne3 Qxa5 25.Ng5 Bxc4 26.Nxc4 Qc5 27.Rd7 Nb5 28.Rd5 Qb4 29.Nf3 Rc8 30.b3
Nd4 31.Qd3 Ne6 32.Nfxe5 Qe1+ 33.Kh2 Bxe5+ 34.Nxe5 Qxf2 35.Qf3 Rc2 36.Qxf2 Rxf2
37.Kg1

[Event "Bundesliga B Mitte 2008/2009"]
[Site "Feffernitz"]
[Date "2008.11.30"]
[Round "4"]
[Board "2"]
[White "Sakelsek, Tadej"]
[Black "Kilgus, Georg"]
[Result "1-0"]
[WhiteElo "2403"]
[BlackElo "2349"]
[PlyCount "83"]
[EventDate "2008.10.11"]
[EventType "team"]
[EventRounds "11"]
[EventCountry "AUT"]
[WhiteTeam "ESV Austria Graz"]
[BlackTeam "Schachklub Sparkasse Fuerstenfeld"]

1.e4 e5 2.Nf3 Nc6 3.Bb5 a6 4.Ba4 Nf6 5.O-O Be7 6.Re1 b5 7.Bb3 d6 8.c3 O-O 9.d4
Bg4 10.Be3 exd4 11.cxd4 d5 12.e5 Ne4 13.Nc3 Nxc3 14.bxc3 Qd7 15.h3 Bh5 16.Bf4
Na5 17.Bc2 Nc4 18.g4 Bg6 19.Bg3 c5 20.dxc5 Bxc5 21.Nh4 Bxc2 22.Qxc2 Rfe8 23.Rad1
Rad8 24.Nf5 g6 25.Nd4 a5 26.Kh2 b4 27.cxb4 axb4 28.f4 Ra8 29.Nb3 Qa4 30.Rxd5 Ne3
31.Qxc5 Nxd5 32.Qxd5 Qxa2+ 33.Kh1 Red8 34.Qf3 Ra3 35.Re3 Qb1+ 36.Kg2 Rd1 37.Bf2
Ra2 38.Kg3 Rf1 39.Qd5 Raxf2 40.Qd8+ Kg7 41.Qf6+ Kg8 42.e6

[Event "Bundesliga B Mitte 2008/2009"]
[Site "Feffernitz"]
[Date "2008.11.30"]
[Round "4"]
[Board "3"]
[White "Postl, Anton"]
[Black "Kotz, Heinz Peter"]
[Result "0-1"]
[WhiteElo "2296"]
[BlackElo "2342"]
[PlyCount "94"]
[EventDate "2008.10.11"]
[EventType "team"]
[EventRounds "11"]
[EventCountry "AUT"]
[WhiteTeam "Schachklub Sparkasse Fuerstenfeld"]
[BlackTeam "ESV Austria Graz"]

1.d4 Nf6 2.c4 g6 3.Nf3 Bg7 4.g3 O-O 5.Bg2 d6 6.O-O Nbd7 7.Qc2 e5 8.Rd1 Qe7 9.e4
Re8 10.Nc3 c6 11.d5 c5 12.Rb1 Rf8 13.a3 Ne8 14.b4 b6 15.Be3 f5 16.exf5 gxf5
17.Ng5 Ndf6 18.bxc5 Ng4 19.cxd6 Nxd6 20.c5 Nxe3 21.cxd6 Qxg5 22.fxe3 Qxe3+
23.Kh1 Bd7 24.Nb5 Rac8 25.Qb3 Qxb3 26.Rxb3 Rc5 27.Rdb1 e4 28.Bf1 Rf6 29.Nxa7
Rxd6 30.Rxb6 Rdxd5 31.Bb5 Rc2 32.Rb8+ Kf7 33.Rb7 Ke8 34.Bxd7+ Rxd7 35.Rxd7 Kxd7
36.a4 Ke6 37.Rb7 e3 38.Rb1 e2 39.Re1 Bc3 40.Nb5 Bxe1 41.Nd4+ Ke5 42.Nxc2 Bd2
43.Kg2 e1=Q 44.Nxe1 Bxe1 45.Kf3 Ba5 46.Ke3 Bc7 47.Kf3 Bb6

[Event "Bundesliga B Mitte 2008/2009"]
[Site "Feffernitz"]
[Date "2008.11.30"]
[Round "4"]
[Board "4"]
[White "Aschenbrenner, Robert"]
[Black "Poetz, Florian"]
[Result "0-1"]
[WhiteElo "2261"]
[BlackElo "2227"]
[PlyCount "106"]
[EventDate "2008.10.11"]
[EventType "team"]
[EventRounds "11"]
[EventCountry "AUT"]
[WhiteTeam "ESV Austria Graz"]
[BlackTeam "Schachklub Sparkasse Fuerstenfeld"]

1.e4 c5 2.Nc3 Nc6 3.Bb5 Nd4 4.Bc4 e6 5.Nge2 Nf6 6.O-O a6 7.d3 b5 8.Bb3 Nxb3
9.axb3 Bb7 10.Ng3 d5 11.Bg5 dxe4 12.Ngxe4 Be7 13.Bxf6 gxf6 14.Re1 h5 15.Qf3 Kf8
16.Qh3 f5 17.Nd2 Rg8 18.Nf3 Bf6 19.Re2 Qd6 20.Ne1 Rg6 21.Re3 h4 22.Rb1 Kg7
23.Re2 Rg8 24.Nd1 Kf8 25.f3 Bd4+ 26.Kf1 Qf4 27.Nf2 b4 28.Nd1 Rh8 29.Nf2 Kg7
30.Nd1 Rh5 31.Nf2 Qh6 32.Nd1 Qf4 33.Nf2 Kf8 34.Nd1 Rg8 35.Nf2 Qh6 36.c3 bxc3
37.bxc3 Bxc3 38.Rc2 Qf6 39.Nd1 Bxe1 40.Kxe1 Qd4 41.Nf2 Rhg5 42.Kf1 Qd5 43.b4
Rxg2 44.Qxg2 Rxg2 45.Kxg2 Qxf3+ 46.Kf1 cxb4 47.Rxb4 f4 48.Ke1 Bd5 49.h3 Kg7
50.Re2 Qg3 51.Kd2 a5 52.Ra4 f3 53.Rg4+ Qxg4

[Event "Bundesliga B Mitte 2008/2009"]
[Site "Feffernitz"]
[Date "2008.11.30"]
[Round "4"]
[Board "5"]
[White "Radnetter, Georg"]
[Black "Ebner, Hubert"]
[Result "1/2-1/2"]
[WhiteElo "2189"]
[BlackElo "2214"]
[PlyCount "30"]
[EventDate "2008.10.11"]
[EventType "team"]
[EventRounds "11"]
[EventCountry "AUT"]
[WhiteTeam "Schachklub Sparkasse Fuerstenfeld"]
[BlackTeam "ESV Austria Graz"]

1.e4 e6 2.d4 d5 3.Nc3 Bb4 4.e5 c5 5.a3 Bxc3+ 6.bxc3 Qc7 7.Nf3 b6 8.Bb5+ Bd7
9.Bd3 Ba4 10.O-O Nd7 11.Ra2 h6 12.Bf4 Ne7 13.h3 O-O-O 14.Ba6+ Kb8 15.Qb1 Nc6

[Event "Bundesliga B Mitte 2008/2009"]
[Site "Feffernitz"]
[Date "2008.11.30"]
[Round "4"]
[Board "6"]
[White "Loebler, Heimo"]
[Black "Rabel, Christoph"]
[Result "0-1"]
[WhiteElo "2237"]
[BlackElo "2165"]
[PlyCount "62"]
[EventDate "2008.10.11"]
[EventType "team"]
[EventRounds "11"]
[EventCountry "AUT"]
[WhiteTeam "ESV Austria Graz"]
[BlackTeam "Schachklub Sparkasse Fuerstenfeld"]

1.c4 g6 2.d4 Bg7 3.Nf3 Nf6 4.g3 O-O 5.Bg2 d6 6.O-O c5 7.Nc3 Nc6 8.d5 Na5 9.Nd2
a6 10.Rb1 Rb8 11.b3 b5 12.Bb2 Bd7 13.Qc2 Qc7 14.Nd1 Rb7 15.e4 Rfb8 16.f4 bxc4
17.bxc4 Rb4 18.Qc1 Ba4 19.e5 Ne8 20.e6 fxe6 21.Bxg7 Nxg7 22.Ne3 Bd7 23.Ng4 Nf5
24.Qc3 Rxb1 25.Nxb1 Qb6 26.dxe6 Bxe6 27.Re1 Nd4 28.Rxe6 Qxb1+ 29.Bf1 Nac6 30.h4
h5 31.Re1 Qxe1

[Event "Bundesliga B Mitte 2008/2009"]
[Site "Feffernitz"]
[Date "2008.11.30"]
[Round "4"]
[Board "2"]
[White "Sandhoefner, Florian"]
[Black "Manca, Federico"]
[Result "0-1"]
[WhiteElo "2246"]
[BlackElo "2373"]
[PlyCount "60"]
[EventDate "2008.10.11"]
[EventType "team"]
[EventRounds "11"]
[EventCountry "AUT"]
[WhiteTeam "ASK St. Valentin"]
[BlackTeam "SK Leoben"]

1.e4 c6 2.d4 d5 3.Nd2 dxe4 4.Nxe4 Nf6 5.Nxf6+ gxf6 6.Nf3 Bg4 7.Be2 e6 8.O-O Rg8
9.Kh1 Qd5 10.Bf4 Nd7 11.c4 Qh5 12.Bg3 Bh6 13.Qb3 O-O-O 14.Qa3 a6 15.c5 e5
16.Rfd1 Bf4 17.d5 Bxg3 18.fxg3 Nb8 19.dxc6 Nxc6 20.Bxa6 Bxf3 21.gxf3 Rxd1+
22.Rxd1 Rxg3 23.Bf1 Qxf3+ 24.Qxf3 Rxf3 25.Kg2 Rf4 26.a3 Nd4 27.b4 Nc2 28.Kg3 Nd4
29.Bh3+ Kc7 30.Bg2 Nf5+

[Event "Bundesliga B Mitte 2008/2009"]
[Site "Feffernitz"]
[Date "2008.11.30"]
[Round "4"]
[Board "3"]
[White "Schein, Karl-Heinz"]
[Black "Kranzl, Peter"]
[Result "1/2-1/2"]
[WhiteElo "2219"]
[BlackElo "2279"]
[PlyCount "63"]
[EventDate "2008.10.11"]
[EventType "team"]
[EventRounds "11"]
[EventCountry "AUT"]
[WhiteTeam "SK Leoben"]
[BlackTeam "ASK St. Valentin"]

1.e4 c6 2.d4 d6 3.c4 Nf6 4.Nc3 g6 5.f4 Bg7 6.Nf3 O-O 7.Be2 c5 8.d5 e6 9.O-O exd5
10.cxd5 Na6 11.e5 Ne8 12.h3 Nac7 13.Be3 b6 14.Qd2 Qd7 15.Rad1 Bb7 16.a4 Rd8
17.Bc4 a6 18.Qe2 Rb8 19.Bf2 b5 20.axb5 axb5 21.e6 fxe6 22.dxe6 Qe7 23.Bh4 Bf6
24.Bxf6 Rxf6 25.Ba2 Rxf4 26.Nh2 Rxf1+ 27.Rxf1 c4 28.Ng4 Qxe6 29.Qf2 Qe7 30.Nxb5
h5 31.Nxc7 Nxc7 32.Nf6+

[Event "Bundesliga B Mitte 2008/2009"]
[Site "Feffernitz"]
[Date "2008.11.30"]
[Round "4"]
[Board "4"]
[White "Heimberger, Reinhard"]
[Black "Binder, Michael"]
[Result "1-0"]
[WhiteElo "2256"]
[BlackElo "2170"]
[PlyCount "85"]
[EventDate "2008.10.11"]
[EventType "team"]
[EventRounds "11"]
[EventCountry "AUT"]
[WhiteTeam "ASK St. Valentin"]
[BlackTeam "SK Leoben"]

1.g3 d5 2.d4 c6 3.Bg2 Nf6 4.Nf3 Bg4 5.Nbd2 Nbd7 6.O-O e6 7.b3 h6 8.Bb2 Bd6 9.c4
O-O 10.Re1 Bf5 11.Ne5 Qe7 12.Nxd7 Qxd7 13.e4 dxe4 14.Nxe4 Be7 15.Nc5 Qc7 16.Qe2
Rad8 17.Rad1 Rfe8 18.Nd3 Nd7 19.f4 Bf6 20.Ne5 Nb6 21.Kh1 Nd7 22.Qf3 Nxe5 23.fxe5
Be7 24.h4 Bh7 25.Bc1 Rd7 26.Rf1 Bf8 27.Bb2 Bg6 28.Bc3 h5 29.Qe2 Red8 30.Bf3 Bf5
31.Bxh5 Bh3 32.Rf2 c5 33.d5 exd5 34.cxd5 Be6 35.d6 Qb6 36.Rdf1 c4 37.b4 g6
38.Bg4 Qc6+ 39.Kh2 Re8 40.Rf6 Qd5 41.Rd1 Bxg4 42.Qxg4 Qc6 43.e6

[Event "Bundesliga B Mitte 2008/2009"]
[Site "Feffernitz"]
[Date "2008.11.30"]
[Round "4"]
[Board "5"]
[White "Sachsenhofer, Michael"]
[Black "Trauner, Rudolf"]
[Result "1/2-1/2"]
[WhiteElo "2113"]
[BlackElo "2213"]
[PlyCount "21"]
[EventDate "2008.10.11"]
[EventType "team"]
[EventRounds "11"]
[EventCountry "AUT"]
[WhiteTeam "SK Leoben"]
[BlackTeam "ASK St. Valentin"]

1.e4 e5 2.Nf3 Nf6 3.Nxe5 d6 4.Nf3 Nxe4 5.d3 Nf6 6.d4 d5 7.Bd3 Bd6 8.O-O O-O
9.Bg5 Nbd7 10.c3 c6 11.Nbd2

[Event "Bundesliga B Mitte 2008/2009"]
[Site "Feffernitz"]
[Date "2008.11.30"]
[Round "4"]
[Board "6"]
[White "Petroczi, Thomas"]
[Black "Strallhofer, Hermann"]
[Result "1-0"]
[WhiteElo "2174"]
[BlackElo "2091"]
[PlyCount "49"]
[EventDate "2008.10.11"]
[EventType "team"]
[EventRounds "11"]
[EventCountry "AUT"]
[WhiteTeam "ASK St. Valentin"]
[BlackTeam "SK Leoben"]

1.e4 c5 2.Nf3 Nc6 3.d4 cxd4 4.Nxd4 g6 5.Nc3 Bg7 6.Be3 Nf6 7.Be2 O-O 8.O-O d5
9.exd5 Nxd5 10.Nxd5 Qxd5 11.Bf3 Qc4 12.Nxc6 bxc6 13.c3 e5 14.Be2 Qd5 15.Qa4 Bf5
16.Rfd1 Qe6 17.Rd2 Rfc8 18.Ba6 Rc7 19.Rad1 Qe8 20.Qa5 Rd7 21.Rxd7 Bxd7 22.Bb7
Rb8 23.Qc7 Bg4 24.f3 Be6 25.Bxa7

[Event "Bundesliga B Mitte 2008/2009"]
[Site "Feffernitz"]
[Date "2008.11.30"]
[Round "4"]
[Board "1"]
[White "Stevic, Hrvoje"]
[Black "Wittmann, Walter"]
[Result "1-0"]
[WhiteElo "2592"]
[BlackElo "2269"]
[PlyCount "87"]
[EventDate "2008.10.11"]
[EventType "team"]
[EventRounds "11"]
[EventCountry "AUT"]
[WhiteTeam "ZH- Technologies Wolfsberg"]
[BlackTeam "Union Styria Kleine Zeitung Graz"]

1.e4 e5 2.Nf3 Nf6 3.Nxe5 Nxe4 4.Qe2 Qe7 5.Qxe4 d6 6.d4 dxe5 7.dxe5 Nc6 8.Bb5 Bd7
9.Nc3 Qb4 10.O-O Qxe4 11.Nxe4 Nxe5 12.Bxd7+ Kxd7 13.Rd1+ Kc6 14.Bf4 Ng6 15.Be3
Be7 16.Bd4 f6 17.g3 Rhe8 18.Rd3 b6 19.Rad1 Nf8 20.f4 Ne6 21.f5 Nd8 22.Be3 Bf8
23.Bf4 Rxe4 24.Rxd8 Bc5+ 25.Kf1 Rxd8 26.Rxd8 Be3 27.Bxe3 Rxe3 28.Kf2 Re7 29.g4
a5 30.Kf3 b5 31.h4 h6 32.Rd2 Kc5 33.g5 hxg5 34.hxg5 Re5 35.Kf4 g6 36.fxg6 Rxg5
37.Rd7 c6 38.g7 a4 39.Ke4 Re5+ 40.Kf4 Rg5 41.a3 Kc4 42.Re7 c5 43.Re4+ Kd5
44.Re5+

[Event "Bundesliga B Mitte 2008/2009"]
[Site "Feffernitz"]
[Date "2008.11.30"]
[Round "4"]
[Board "3"]
[White "Mikac, Matjaz"]
[Black "Spirk, Stefan"]
[Result "1/2-1/2"]
[WhiteElo "2394"]
[BlackElo "2128"]
[PlyCount "37"]
[EventDate "2008.10.11"]
[EventType "team"]
[EventRounds "11"]
[EventCountry "AUT"]
[WhiteTeam "ZH- Technologies Wolfsberg"]
[BlackTeam "Union Styria Kleine Zeitung Graz"]

1.Nf3 Nf6 2.d4 d5 3.c4 c6 4.Nc3 g6 5.e3 Bg7 6.Bd3 O-O 7.O-O b6 8.Qe2 Bb7 9.e4
dxe4 10.Nxe4 Nbd7 11.Rd1 Qc7 12.Bg5 Rfe8 13.Qd2 Nxe4 14.Bxe4 f5 15.Bc2 e5 16.d5
cxd5 17.cxd5 Qd6 18.Ba4 Rec8 19.Bxd7

[Event "Bundesliga B Mitte 2008/2009"]
[Site "Feffernitz"]
[Date "2008.11.30"]
[Round "4"]
[Board "4"]
[White "Frank, Paul"]
[Black "Kaspret, Guido"]
[Result "1/2-1/2"]
[WhiteElo "2249"]
[BlackElo "2338"]
[PlyCount "83"]
[EventDate "2008.10.11"]
[EventType "team"]
[EventRounds "11"]
[EventCountry "AUT"]
[WhiteTeam "Union Styria Kleine Zeitung Graz"]
[BlackTeam "ZH- Technologies Wolfsberg"]

1.d4 Nf6 2.Nf3 g6 3.g3 Bg7 4.Bg2 O-O 5.O-O d6 6.c4 c6 7.Nc3 Bf5 8.b3 Ne4 9.Bb2
Nxc3 10.Bxc3 Be4 11.Ne1 Bxg2 12.Kxg2 d5 13.Qd3 e6 14.e4 Nd7 15.Rd1 a6 16.Nc2 f5
17.e5 f4 18.f3 Rf7 19.Bd2 g5 20.Rh1 Nf8 21.h4 gxh4 22.Rxh4 Ng6 23.Rg4 Rf5 24.Rh1
Qe8 25.Bxf4 Qf7 26.Bg5 Rf8 27.Bf4 h5 28.Rgh4 Nxh4+ 29.Rxh4 Qg6 30.Ne3 Rg5
31.Qxg6 Rxg6 32.Kf2 Bh6 33.Bxh6 Rxh6 34.f4 Rh7 35.Kf3 b5 36.cxd5 cxd5 37.f5 Kf7
38.Kf4 Rfh8 39.Kf3 Rc8 40.Kf4 Rch8 41.Kf3 Rc8 42.Kf4

[Event "Bundesliga B Mitte 2008/2009"]
[Site "Feffernitz"]
[Date "2008.11.30"]
[Round "4"]
[Board "5"]
[White "Wegerer, Fred"]
[Black "Manhardt, Thomas"]
[Result "1/2-1/2"]
[WhiteElo "2239"]
[BlackElo "2141"]
[PlyCount "82"]
[EventDate "2008.10.11"]
[EventType "team"]
[EventRounds "11"]
[EventCountry "AUT"]
[WhiteTeam "ZH- Technologies Wolfsberg"]
[BlackTeam "Union Styria Kleine Zeitung Graz"]

1.Nf3 g6 2.e4 Bg7 3.Bc4 c5 4.O-O Nc6 5.h3 e6 6.Nc3 Nge7 7.d3 a6 8.a4 O-O 9.Bg5
h6 10.Bh4 b6 11.Re1 d6 12.Ba2 Bb7 13.Qc1 Qd7 14.Ne2 b5 15.Bb1 bxa4 16.Nc3 Nd4
17.Nxd4 cxd4 18.Nxa4 Qc7 19.Qd2 Rab8 20.Bg3 Nc6 21.Nc5 Qe7 22.Nxb7 Rxb7 23.Rxa6
Rxb2 24.Rxc6 Qb7 25.Rxd6 Rxb1 26.Kh2 Rb2 27.e5 Rc8 28.Rxd4 Rcxc2 29.Rd8+ Kh7
30.Qe3 Qc7 31.Ra8 Rb7 32.d4 Qd7 33.h4 h5 34.Bf4 Rbb2 35.Rf1 Re2 36.Qc3 Rxf2
37.Rxf2 Rxf2 38.Qe3 Rc2 39.Qe4 Rc4 40.Be3 Qc6 41.Qxc6 Rxc6

[Event "Bundesliga B Mitte 2008/2009"]
[Site "Feffernitz"]
[Date "2008.11.30"]
[Round "4"]
[Board "6"]
[White "Schriebl, Alexander"]
[Black "Waldmann, Gerald"]
[Result "0-1"]
[WhiteElo "2103"]
[BlackElo "2188"]
[PlyCount "66"]
[EventDate "2008.10.11"]
[EventType "team"]
[EventRounds "11"]
[EventCountry "AUT"]
[WhiteTeam "Union Styria Kleine Zeitung Graz"]
[BlackTeam "ZH- Technologies Wolfsberg"]

1.d4 Nf6 2.c4 c5 3.d5 b5 4.cxb5 a6 5.bxa6 Bxa6 6.Nc3 d6 7.e4 Bxf1 8.Kxf1 g6
9.Nge2 Bg7 10.Nf4 Nbd7 11.g4 Ne5 12.g5 Nfd7 13.h4 h6 14.Rh3 hxg5 15.hxg5 Rxh3
16.Nxh3 c4 17.a4 Nc5 18.Nf4 Qd7 19.Kg2 Kf8 20.f3 Ned3 21.Nxd3 Nxd3 22.Ra2 Be5
23.Qh1 Qa7 24.Qf1 Qd7 25.Qh1 Nxc1 26.Qxc1 Kg7 27.Nd1 Rh8 28.Nf2 Rh2+ 29.Kg1 Qa7
30.Qe1 Bg3 31.Qc3+ Kh7 32.b4 cxb3 33.Re2 Rxf2

[Event "Bundesliga B Mitte 2008/2009"]
[Site "Feffernitz"]
[Date "2008.11.30"]
[Round "4"]
[Board "1"]
[White "Tratar, Marko"]
[Black "Horvath, Csaba"]
[Result "1/2-1/2"]
[WhiteElo "2497"]
[BlackElo "2518"]
[PlyCount "35"]
[EventDate "2008.10.11"]
[EventType "team"]
[EventRounds "11"]
[EventCountry "AUT"]
[WhiteTeam "Kl. Zeitung MPOE Maria Saal"]
[BlackTeam "SC Die Klagenfurter"]

1.Nf3 Nf6 2.c4 e6 3.d4 b6 4.g3 Ba6 5.b3 Bb7 6.Bg2 Bb4+ 7.Bd2 a5 8.O-O O-O 9.Nc3
d6 10.Qc2 Nbd7 11.Rfe1 Bxc3 12.Bxc3 Be4 13.Qc1 Qb8 14.Bf1 c5 15.Nd2 Bc6 16.e4
cxd4 17.Bxd4 Qb7 18.f3

[Event "Bundesliga B Mitte 2008/2009"]
[Site "Feffernitz"]
[Date "2008.11.30"]
[Round "4"]
[Board "2"]
[White "Horvath, Jozsef"]
[Black "Schachinger, Mario"]
[Result "1-0"]
[WhiteElo "2542"]
[BlackElo "2336"]
[PlyCount "77"]
[EventDate "2008.10.11"]
[EventType "team"]
[EventRounds "11"]
[EventCountry "AUT"]
[WhiteTeam "SC Die Klagenfurter"]
[BlackTeam "Kl. Zeitung MPOE Maria Saal"]

1.c4 e6 2.Nf3 Nf6 3.g3 d5 4.b3 c6 5.Bb2 Nbd7 6.Bg2 Bd6 7.d4 O-O 8.O-O Qc7 9.Nc3
Re8 10.Rc1 a6 11.Nd2 Bf8 12.cxd5 exd5 13.Nxd5 Nxd5 14.Bxd5 Qa5 15.Bf3 Nf6 16.Nc4
Qd8 17.Qd3 Bh3 18.Rfd1 Rc8 19.e4 b5 20.Ne5 c5 21.d5 Qb6 22.Nc6 Ng4 23.Qe2 h5
24.Bg2 Bxg2 25.Kxg2 Rxc6 26.dxc6 Qxc6 27.f3 f5 28.e5 g6 29.Kg1 Nh6 30.Qd3 Nf7
31.f4 a5 32.Qd5 Qb6 33.Kg2 g5 34.Qd7 Rd8 35.Qxf5 Qc6+ 36.Kg1 Qf3 37.Rf1 Qe3+
38.Kh1 g4 39.e6

[Event "Bundesliga B Mitte 2008/2009"]
[Site "Feffernitz"]
[Date "2008.11.30"]
[Round "4"]
[Board "3"]
[White "Horvath, Gabor"]
[Black "Pilaj, Herwig"]
[Result "1/2-1/2"]
[WhiteElo "2277"]
[BlackElo "2393"]
[PlyCount "36"]
[EventDate "2008.10.11"]
[EventType "team"]
[EventRounds "11"]
[EventCountry "AUT"]
[WhiteTeam "Kl. Zeitung MPOE Maria Saal"]
[BlackTeam "SC Die Klagenfurter"]

1.e4 c5 2.Nc3 a6 3.d3 b5 4.f4 Bb7 5.Nf3 e6 6.g3 c4 7.Bg2 cxd3 8.cxd3 Nf6 9.Be3
Be7 10.h3 d6 11.O-O Nbd7 12.g4 Nb6 13.Ne2 Rc8 14.Rc1 Rxc1 15.Qxc1 Nfd7 16.Ned4
Nc5 17.Qd2 O-O 18.Rc1 b4

[Event "Bundesliga B Mitte 2008/2009"]
[Site "Feffernitz"]
[Date "2008.11.30"]
[Round "4"]
[Board "5"]
[White "Halvax, Georg"]
[Black "Petschar, Kurt"]
[Result "1/2-1/2"]
[WhiteElo "2187"]
[BlackElo "2267"]
[PlyCount "49"]
[EventDate "2008.10.11"]
[EventType "team"]
[EventRounds "11"]
[EventCountry "AUT"]
[WhiteTeam "Kl. Zeitung MPOE Maria Saal"]
[BlackTeam "SC Die Klagenfurter"]

1.e4 c5 2.Nc3 Nc6 3.d3 g6 4.g3 Bg7 5.Bg2 e6 6.Nf3 Nge7 7.O-O O-O 8.Be3 Nd4 9.Qd2
d5 10.exd5 exd5 11.Bh6 Bh3 12.Bxg7 Kxg7 13.Nxd4 Bxg2 14.Kxg2 cxd4 15.Ne2 Nc6
16.c3 dxc3 17.bxc3 Re8 18.Rfe1 Qa5 19.Qb2 b6 20.c4+ Kg8 21.Qb5 Qxb5 22.cxb5 Nb4
23.Nf4 g5 24.Rxe8+ Rxe8 25.Rb1

[Event "Bundesliga B Mitte 2008/2009"]
[Site "Feffernitz"]
[Date "2008.11.30"]
[Round "4"]
[Board "1"]
[White "Sebenik, Matej"]
[Black "Meszaros, Tamas"]
[Result "1-0"]
[WhiteElo "2482"]
[BlackElo "2434"]
[PlyCount "69"]
[EventDate "2008.10.11"]
[EventType "team"]
[EventRounds "11"]
[EventCountry "AUT"]
[WhiteTeam "SV Raika Rapid Feffernitz"]
[BlackTeam "RbEJ Volksbank Gleisdorf"]

1.d4 Nf6 2.c4 e6 3.Nf3 d5 4.Nc3 dxc4 5.e4 Bb4 6.Bg5 c5 7.e5 h6 8.exf6 hxg5
9.fxg7 Rg8 10.Qc2 Qf6 11.a3 Bxc3+ 12.bxc3 g4 13.Ne5 cxd4 14.cxd4 Nc6 15.Nxc6
bxc6 16.Qxc4 Bd7 17.Bd3 Qxg7 18.Be4 Rc8 19.Qc5 Rh8 20.Rb1 f5 21.Bd3 g3 22.fxg3
Rxh2 23.Kf2 Rxh1 24.Rxh1 Rb8 25.Qxa7 Rb3 26.Rh8+ Ke7 27.Qc5+ Kf6 28.Rf8+ Kg6
29.Be2 Kh7 30.Qd6 e5 31.g4 fxg4 32.dxe5 g3+ 33.Kg1 Rb1+ 34.Bf1 Re1 35.Qd3+

[Event "Bundesliga B Mitte 2008/2009"]
[Site "Feffernitz"]
[Date "2008.11.30"]
[Round "4"]
[Board "2"]
[White "Sandhu, Mario"]
[Black "Gostisa, Leon"]
[Result "1/2-1/2"]
[WhiteElo "2292"]
[BlackElo "2413"]
[PlyCount "85"]
[EventDate "2008.10.11"]
[EventType "team"]
[EventRounds "11"]
[EventCountry "AUT"]
[WhiteTeam "RbEJ Volksbank Gleisdorf"]
[BlackTeam "SV Raika Rapid Feffernitz"]

1.Nf3 Nf6 2.c4 e6 3.g3 b6 4.Bg2 Bb7 5.O-O c5 6.b3 d6 7.d3 Nbd7 8.a3 Be7 9.Bb2
O-O 10.Nc3 a6 11.Rc1 Rb8 12.Rc2 d5 13.cxd5 Nxd5 14.Ne4 N7f6 15.Ne5 Nxe4 16.Bxe4
Bf6 17.Qa1 Qe7 18.Bg2 Rfd8 19.Rfc1 Rbc8 20.h4 Bxe5 21.Bxe5 f6 22.Bb2 Qd7 23.d4
cxd4 24.Bxd4 Rxc2 25.Rxc2 e5 26.Bb2 Ne7 27.Bxb7 Qxb7 28.Bc3 Qe4 29.Qc1 Rc8
30.Qd2 Qd5 31.Bb4 Rxc2 32.Qxc2 Nc6 33.e4 Qe6 34.Bc3 Qd6 35.a4 b5 36.axb5 axb5
37.Kg2 Qc5 38.Qd3 b4 39.Bd2 Nd4 40.h5 Kf7 41.Qa6 Qc6 42.Qxc6 Nxc6 43.Be3

[Event "Bundesliga B Mitte 2008/2009"]
[Site "Feffernitz"]
[Date "2008.11.30"]
[Round "4"]
[Board "3"]
[White "Jeric, Simon"]
[Black "Horvath, Sandor"]
[Result "1-0"]
[WhiteElo "2279"]
[BlackElo "2297"]
[PlyCount "115"]
[EventDate "2008.10.11"]
[EventType "team"]
[EventRounds "11"]
[EventCountry "AUT"]
[WhiteTeam "SV Raika Rapid Feffernitz"]
[BlackTeam "RbEJ Volksbank Gleisdorf"]

1.e4 Nc6 2.d4 d6 3.Nf3 Bg4 4.Be2 Bxf3 5.Bxf3 e5 6.c3 a6 7.O-O Nf6 8.Be3 Be7
9.Nd2 O-O 10.d5 Nb8 11.c4 Nbd7 12.b4 Ne8 13.Rc1 b6 14.Nb3 g6 15.c5 f5 16.cxb6
cxb6 17.Rc6 Bg5 18.Bxg5 Qxg5 19.Qc1 Qe7 20.Nd2 Rd8 21.Be2 Nb8 22.Rc3 Qb7 23.exf5
gxf5 24.Nf3 Rd7 25.Ng5 Ng7 26.Rd1 b5 27.Rh3 Ne8 28.Ne6 Rf6 29.Qg5+ Kh8 30.Bh5
Rxe6 31.dxe6 Rg7 32.Bf3 e4 33.Qxf5 exf3 34.Rxh7+ Kg8 35.Rxg7+ Nxg7 36.Qf6 Qc8
37.e7 Qg4 38.Qf8+ Kh7 39.Qxf3 Qxf3 40.gxf3 Ne8 41.Rc1 Nd7 42.Rc8 Ndf6 43.Rc6 Kg7
44.Rxa6 Nd5 45.a4 Kf7 46.Ra5 Nec7 47.axb5 Kxe7 48.h4 Kf6 49.Kh2 Nb6 50.Ra7 Ncd5
51.Kg3 Nc4 52.f4 Kg6 53.Rd7 Nf6 54.Rc7 d5 55.Rc6 Kf5 56.b6 Ne4+ 57.Kf3 Ned6
58.h5

[Event "Bundesliga B Mitte 2008/2009"]
[Site "Feffernitz"]
[Date "2008.11.30"]
[Round "4"]
[Board "4"]
[White "Perhinig, Robert"]
[Black "Kavcic, Zan"]
[Result "1-0"]
[WhiteElo "2300"]
[BlackElo "2335"]
[PlyCount "93"]
[EventDate "2008.10.11"]
[EventType "team"]
[EventRounds "11"]
[EventCountry "AUT"]
[WhiteTeam "RbEJ Volksbank Gleisdorf"]
[BlackTeam "SV Raika Rapid Feffernitz"]

1.d4 Nf6 2.Nf3 g6 3.g3 c5 4.Bg2 Bg7 5.O-O cxd4 6.Nxd4 O-O 7.b3 d5 8.Bb2 Re8
9.Nf3 Nc6 10.Ne5 Qd6 11.Nxc6 bxc6 12.c4 e5 13.Nc3 e4 14.e3 Bg4 15.Qd2 Rad8
16.cxd5 cxd5 17.Nb5 Qd7 18.Nd4 Bh3 19.Rac1 Re5 20.Ne2 Rh5 21.Nf4 Bxg2 22.Kxg2
Rh6 23.h4 Qg4 24.Qe2 Qf5 25.Rfd1 g5 26.hxg5 Qxg5 27.Bxf6 Rxf6 28.Rc5 Rf5 29.Qb5
a6 30.Qa5 Bf8 31.Rcxd5 Rfxd5 32.Rxd5 Rxd5 33.Qxd5 Qxd5 34.Nxd5 f5 35.g4 fxg4
36.Kg3 Kf7 37.Kxg4 Ke6 38.Nc7+ Ke5 39.Nxa6 Bd6 40.b4 Kd5 41.Nc5 Kc4 42.Nxe4 Bxb4
43.Nf6 Kd3 44.Kf3 h6 45.Nd5 Bd6 46.Nf4+ Kc3 47.e4

[Event "Bundesliga B Mitte 2008/2009"]
[Site "Feffernitz"]
[Date "2008.11.30"]
[Round "4"]
[Board "5"]
[White "Tschohl, Christof"]
[Black "Wanderer, Thomas"]
[Result "0-1"]
[WhiteElo "2185"]
[BlackElo "2235"]
[PlyCount "70"]
[EventDate "2008.10.11"]
[EventType "team"]
[EventRounds "11"]
[EventCountry "AUT"]
[WhiteTeam "SV Raika Rapid Feffernitz"]
[BlackTeam "RbEJ Volksbank Gleisdorf"]

1.e4 c5 2.c3 Nf6 3.e5 Nd5 4.d4 cxd4 5.Nf3 Nc6 6.cxd4 g6 7.Qb3 e6 8.Nc3 Nxc3
9.bxc3 d6 10.Bg5 Be7 11.Bxe7 Qxe7 12.exd6 Qxd6 13.Bd3 O-O 14.O-O b6 15.Rfe1 Bb7
16.Qc2 Rac8 17.Qd2 Rfe8 18.Rac1 Kg7 19.Qg5 Ne7 20.Nd2 Qd5 21.Qxd5 Nxd5 22.c4 Nb4
23.Bb1 Red8 24.Nb3 a5 25.a3 Nc6 26.Be4 a4 27.Nd2 Rxd4 28.Nf3 Rd6 29.c5 bxc5
30.Rb1 Rc7 31.Rb6 Rcd7 32.Kf1 Nd8 33.Rxd6 Rxd6 34.Bxb7 Nxb7 35.Rb1 Na5